000 00324nam a2200133Ia 4500
005 20260328104323.0
008 260328s9999||||xx |||||||||||||| ||und||
100 _aBrace Taylor, Brian
245 0 _aMiguel Angel Roca /
_cBrian Brace Taylor
260 _bMimar Books
300 _a173 p.
650 _aVIVIENDA
942 _cBK
999 _c11414
_d11414